| 000 | 01312nam a2200325 c 4500 | ||
|---|---|---|---|
| 003 | BLK | ||
| 005 | 20180420213958.0 | ||
| 008 | 180412b bul|||||r ||||||| ||bul|| | ||
| 010 | _aKNG00006759000 | ||
| 020 |
_a954-584-044-7 _bиздат.: Абагар Холдинг |
||
| 040 | _aBLK | ||
| 041 |
_aBUL _cBUL |
||
| 080 |
_aАнглийска литература _b821.111 _x-312.9 _z821.111-312.9 |
||
| 100 | 1 |
_aХюгарт, Бари _eпърви автор _9138838 |
|
| 700 | 1 |
_aСтефанова, Иванка _eпрев. от англ. _9244006 |
|
| 139 |
_aХюгарт, Бари _bХ 98 |
||
| 245 | 1 | 0 |
_aМостът на птиците _bФантаст. роман _cБари Хюгарт; прев. от англ. Иванка Стефанова. |
| 257 | _aGBR | ||
| 260 |
_аСофия _bАбагар Холдинг _c1994 _fВраца : Полипринт |
||
| 300 |
_a288 с. _c20 см |
||
| 380 | _aX | ||
| 490 | 1 | _aИсториите на Господаря Ли | |
| 490 | 1 |
_3Подсерия _aПриказна фантастика _vКн. 1 |
|
| 500 | _aОриг. загл. Bridge of birds / Barry Hughart. - 6 150 тир. | ||
| 852 | _aЦб 182373 | ||
| 856 | 4 |
_qpdf _u |
|
| 856 | 4 |
_qpdf _u |
|
| 942 |
_cKNG _n0 |
||
| 944 |
_aCR _c15.01.2003 _kAB_DOS |
||
| 944 |
_aED _c13.09.2017 _kСевдалина_Василева |
||
| 999 |
_c5563 _d5563 |
||